Drużynowi Mistrzowie Polski na Żużlu - Statystyki

Ogólne statystyki
  • Ten quiz został rozwiązany 51 razy
    11 od ostatniego zresetowania
  • Średni wynik to 76 z 77
Statystyki odpowiedzi
Rok Odpowiedź % Poprawnych
1986 Apator Toruń
100%
1990 Apator Toruń
100%
2001 Apator Toruń
100%
2008 Apator Toruń
100%
2025 Apator Toruń
100%
1981 Falubaz Zielona Góra
100%
1982 Falubaz Zielona Góra
100%
1985 Falubaz Zielona Góra
100%
1991 Falubaz Zielona Góra
100%
2009 Falubaz Zielona Góra
100%
2011 Falubaz Zielona Góra
100%
2013 Falubaz Zielona Góra
100%
2022 Motor Lublin
100%
2023 Motor Lublin
100%
2024 Motor Lublin
100%
1955 Polonia Bydgoszcz
100%
1971 Polonia Bydgoszcz
100%
1992 Polonia Bydgoszcz
100%
1997 Polonia Bydgoszcz
100%
1998 Polonia Bydgoszcz
100%
2000 Polonia Bydgoszcz
100%
2002 Polonia Bydgoszcz
100%
1956 Row Rybnik
100%
1957 Row Rybnik
100%
1958 Row Rybnik
100%
1962 Row Rybnik
100%
1963 Row Rybnik
100%
1964 Row Rybnik
100%
1965 Row Rybnik
100%
1966 Row Rybnik
100%
1967 Row Rybnik
100%
1968 Row Rybnik
100%
1970 Row Rybnik
100%
1972 Row Rybnik
100%
1993 Sparta Wrocław
100%
1994 Sparta Wrocław
100%
1995 Sparta Wrocław
100%
2006 Sparta Wrocław
100%
2021 Sparta Wrocław
100%
1969 Stal Gorzów
100%
1973 Stal Gorzów
100%
1975 Stal Gorzów
100%
1976 Stal Gorzów
100%
1977 Stal Gorzów
100%
1978 Stal Gorzów
100%
1983 Stal Gorzów
100%
2014 Stal Gorzów
100%
2016 Stal Gorzów
100%
1960 Stal Rzeszów
100%
1961 Stal Rzeszów
100%
1949 Unia Leszno
100%
1950 Unia Leszno
100%
1951 Unia Leszno
100%
1952 Unia Leszno
100%
1953 Unia Leszno
100%
1954 Unia Leszno
100%
1979 Unia Leszno
100%
1980 Unia Leszno
100%
1987 Unia Leszno
100%
1988 Unia Leszno
100%
1989 Unia Leszno
100%
2007 Unia Leszno
100%
2010 Unia Leszno
100%
2015 Unia Leszno
100%
2017 Unia Leszno
100%
2018 Unia Leszno
100%
2019 Unia Leszno
100%
2020 Unia Leszno
100%
1959 Włókniarz Częstochowa
100%
1974 Włókniarz Częstochowa
100%
1996 Włókniarz Częstochowa
100%
2003 Włókniarz Częstochowa
100%
1999 Polonia Piła
89%
2004 Unia Tarnów
89%
2005 Unia Tarnów
89%
2012 Unia Tarnów
89%
1948 PKM Warszawa
67%
Nie znaleziono quizów pasujących do podanych kryteriów
Rozkład punktacji
Procent ludzi z każdym wynikiem
Percentyl według liczby udzielonych odpowiedzi
Twoja historia wyników
Nie rozwiązałeś tego quizu od ostatniego zresetowania